<?xml version="1.0" encoding="UTF-8"?>
<record
    xmlns:xsi="http://www.w3.org/2001/XMLSchema-instance"
    xsi:schemaLocation="http://www.loc.gov/MARC21/slim http://www.loc.gov/standards/marcxml/schema/MARC21slim.xsd"
    xmlns="http://www.loc.gov/MARC21/slim">

  <leader>01146nam a22002537a 4500</leader>
  <controlfield tag="001">85849</controlfield>
  <controlfield tag="005">20260429144412.0</controlfield>
  <controlfield tag="008">260429s2026    sp ||||| |||| 00| 0 spa d</controlfield>
  <datafield tag="017" ind1=" " ind2=" ">
    <subfield code="a">M 2872-2026</subfield>
  </datafield>
  <datafield tag="040" ind1=" " ind2=" ">
    <subfield code="a">M-RABA</subfield>
    <subfield code="b">spa</subfield>
    <subfield code="c">M-RABA</subfield>
  </datafield>
  <datafield tag="245" ind1="0" ind2="0">
    <subfield code="a">Porcelanas para los reyes de Espa&#xF1;a</subfield>
    <subfield code="b">: La producci&#xF3;n de la Real F&#xE1;brica del Buen Retiro</subfield>
    <subfield code="c">/ Comunidad de Madrid</subfield>
  </datafield>
  <datafield tag="260" ind1=" " ind2=" ">
    <subfield code="a">Madrid</subfield>
    <subfield code="b">: Comunidad de Madrid</subfield>
    <subfield code="c">, 2026</subfield>
  </datafield>
  <datafield tag="300" ind1=" " ind2=" ">
    <subfield code="a">47 p.</subfield>
    <subfield code="b">: il. col.</subfield>
    <subfield code="c">; 28 cm</subfield>
  </datafield>
  <datafield tag="500" ind1="0" ind2="0">
    <subfield code="a">Cat&#xE1;logo de la exposici&#xF3;n celebrada en la sala de exposiciones del Palacio de Juan de Goyeneche, en Nuevo Bazt&#xE1;n, del 11 de marzo al 7 de junio del 2026.</subfield>
  </datafield>
  <datafield tag="610" ind1="2" ind2="7">
    <subfield code="a">Palacio del Buen Retiro (</subfield>
    <subfield code="c">Madrid)</subfield>
    <subfield code="2">embne</subfield>
    <subfield code="9">6154</subfield>
  </datafield>
  <datafield tag="650" ind1=" " ind2="0">
    <subfield code="a">Porcelana-</subfield>
    <subfield code="z">Espa&#xF1;a</subfield>
    <subfield code="9">86326</subfield>
  </datafield>
  <datafield tag="651" ind1=" " ind2="7">
    <subfield code="a">Nuevo Baztan (Madrid, Espa&#xF1;a)</subfield>
    <subfield code="9">75284</subfield>
  </datafield>
  <datafield tag="655" ind1=" " ind2="4">
    <subfield code="a">Cat&#xE1;logos de exposiciones</subfield>
    <subfield code="9">45336</subfield>
  </datafield>
  <datafield tag="700" ind1="1" ind2=" ">
    <subfield code="a">Granados Ortega, Mar&#xED;a &#xC1;ngeles</subfield>
    <subfield code="9">111704</subfield>
    <subfield code="e">comisaria</subfield>
    <subfield code="e">autor texto</subfield>
  </datafield>
  <datafield tag="710" ind1="1" ind2=" ">
    <subfield code="a">Madrid (Comunidad Aut&#xF3;noma). </subfield>
    <subfield code="b">Direcci&#xF3;n General de Cultura</subfield>
    <subfield code="9">3300</subfield>
  </datafield>
  <datafield tag="710" ind1="1" ind2=" ">
    <subfield code="a">Madrid (Comunidad Aut&#xF3;noma). </subfield>
    <subfield code="b">Consejer&#xED;a de Cultura, Deportes y Turismo</subfield>
    <subfield code="9">3297</subfield>
  </datafield>
  <datafield tag="852" ind1=" " ind2=" ">
    <subfield code="j">F-16118</subfield>
  </datafield>
  <datafield tag="942" ind1=" " ind2=" ">
    <subfield code="c">FONDOMODER</subfield>
    <subfield code="n">0</subfield>
  </datafield>
  <datafield tag="952" ind1=" " ind2=" ">
    <subfield code="0">0</subfield>
    <subfield code="1">0</subfield>
    <subfield code="2">ddc</subfield>
    <subfield code="4">0</subfield>
    <subfield code="7">0</subfield>
    <subfield code="a">RABASF</subfield>
    <subfield code="b">RABASF</subfield>
    <subfield code="c">DP2</subfield>
    <subfield code="d">2026-04-29</subfield>
    <subfield code="e">D</subfield>
    <subfield code="i">48280</subfield>
    <subfield code="l">0</subfield>
    <subfield code="o">F-16118</subfield>
    <subfield code="p">1097147</subfield>
    <subfield code="r">2026-04-29 14:44:39</subfield>
    <subfield code="w">2026-04-29</subfield>
    <subfield code="y">FONDOMODER</subfield>
  </datafield>
  <datafield tag="999" ind1=" " ind2=" ">
    <subfield code="c">85849</subfield>
    <subfield code="d">85849</subfield>
  </datafield>
</record>
